History Of The Caliphs (Record no. 19829)

MARC details
000 -LEADER
fixed length control field 00326nam a22001457a 4500
020 ## - INTERNATIONAL STANDARD BOOK NUMBER
ISBN 8171513832
082 ## - DEWEY DECIMAL CLASSIFICATION NUMBER
Classification number 297.24 SUY
100 ## - MAIN ENTRY--AUTHOR NAME
Author name Suyuti, Jalaluddin
245 ## - TITLE STATEMENT
Title History Of The Caliphs
250 ## - EDITION STATEMENT
Edition statement first edition
260 ## - PUBLICATION, DISTRIBUTION, ETC. (IMPRINT)
Place of publication New Delhi
Name of publisher Kitab Bhavan
Year of publication 2010
300 ## - PHYSICAL DESCRIPTION
Number of Pages 726 P
650 ## - SUBJECT ADDED ENTRY--TOPICAL TERM
Topical Term Caliphate
942 ## - ADDED ENTRY ELEMENTS (KOHA)
Koha item type Books
Holdings
Home library Current library Shelving location Date acquired Source of acquisition Cost, normal purchase price Full call number Accession Number Koha item type
Henry Martyn Institute Library Henry Martyn Institute Library General stacks 10/28/2015 Huda Book Distribution Hyderabad 600.00 297.24 SUY 24951 Books
                   Copyright © 2026 | Henry Martyn Institute | Hyderabad | TS-500052 | INDIA | Implemented by hmi.edu.in
Hit-Count:

Powered by Koha